Catálogo de los archivos de guerra civil de las comisiones ejecutivas del Partido Socialista Obrero Español y de la Unión General de Trabajadores / (Record no. 12770)

MARC details
000 -LEADER
campo de control de longitud fija 01188nam a2200289 i 4500
001 - NÚMERO DE CONTROL
campo de control 12770
003 - IDENTIFICADOR DE NÚMERO DE CONTROL
campo de control ES-MaACL
005 - FECHA Y HORA DE LA ÚLTIMA TRANSACCIÓN
campo de control 20250831091926.0
007 - CAMPO FIJO DE DESCRIPCIÓN FÍSICA--INFORMACIÓN GENERAL
campo de control de longitud fija t|
008 - DATOS DE LONGITUD FIJA--INFORMACIÓN GENERAL
campo de control de longitud fija 900104s1988 sp b |||| | spa j
020 ## - NÚMERO INTERNACIONAL ESTÁNDAR DEL LIBRO
Número Internacional Estándar del Libro 84-85691-39-3
080 ## - NÚMERO DE LA CLASIFICACIÓN DECIMAL UNIVERSAL
Número de la Clasificación Decimal Universal 016:329(460)(093)
080 ## - NÚMERO DE LA CLASIFICACIÓN DECIMAL UNIVERSAL
Número de la Clasificación Decimal Universal 016:331.105.44(460)(093)
080 ## - NÚMERO DE LA CLASIFICACIÓN DECIMAL UNIVERSAL
Número de la Clasificación Decimal Universal 930.255(460)
110 2# - ENTRADA PRINCIPAL--NOMBRE DE ENTIDAD CORPORATIVA
Nombre de entidad corporativa o nombre de jurisdicción como elemento de entrada Fundación Pablo Iglesias.
Unidad subordinada Archivo y Biblioteca
9 (RLIN) 4375
245 10 - MENCIÓN DEL TÍTULO
Título Catálogo de los archivos de guerra civil de las comisiones ejecutivas del Partido Socialista Obrero Español y de la Unión General de Trabajadores /
Mención de responsabilidad, etc. elaborado por Aurelio Martín Nájera ... [et al.] ; bajo la dirección y supervisión de Aurelio Martín Nájera.
250 ## - MENCION DE EDICION
Mención de edición 1ª ed.
260 ## - PUBLICACIÓN, DISTRIBUCIÓN, ETC.
Lugar de publicación, distribución, etc. Madrid :
Nombre del editor, distribuidor, etc. Pablo Iglesias,
Fecha de publicación, distribución, etc. 1988.
300 ## - DESCRIPCIÓN FÍSICA
Extensión 430 p. ;
Dimensiones 24 cm.
504 ## - NOTA DE BIBLIOGRAFÍA, ETC.
Nota de bibliografía, etc. Índices.
610 2# - PUNTO DE ACCESO ADICIONAL DE MATERIA--NOMBRE DE ENTIDAD CORPORATIVA
Nombre de entidad corporativa o nombre de jurisdicción como elemento de entrada Partido Socialista Obrero Español-
Subdivisión de forma Historia-
-- Fuentes-
-- Bibliografías.
9 (RLIN) 155558
610 2# - PUNTO DE ACCESO ADICIONAL DE MATERIA--NOMBRE DE ENTIDAD CORPORATIVA
Nombre de entidad corporativa o nombre de jurisdicción como elemento de entrada UGT-
Subdivisión de forma Historia-
-- Fuentes-
-- Bibliografías.
9 (RLIN) 7031
610 24 - PUNTO DE ACCESO ADICIONAL DE MATERIA--NOMBRE DE ENTIDAD CORPORATIVA
Nombre de entidad corporativa o nombre de jurisdicción como elemento de entrada Fundación Pablo Iglesias.
Unidad subordinada Archivo y Biblioteca-
Subdivisión de forma Catálogos
9 (RLIN) 4376
700 1# - ENTRADA AGREGADA--NOMBRE PERSONAL
Nombre de persona Martín Nájera, Aurelio.
9 (RLIN) 77584
852 ## - LOCALIZACIÓN
Ubicación ES-MaACL
Número de control de estantería L-20001
Holdings
Estatus retirado Estado de pérdida Estado de daño No para préstamo Biblioteca de origen Biblioteca actual Ubicación en estantería Fecha de adquisición Fuente de adquisición Total de préstamos Signatura topográfica completa Código de barras Visto por última vez Precio de reemplazo Tipo de ítem Koha
        Biblioteca del Ateneo de Madrid Biblioteca del Ateneo de Madrid Depósito 2 17/01/2008     L-20001 1013008 23/02/2023 23/02/2023 Libro impreso